000 00635nam a2200181Ia 4500
008 130821s1904 fr gr fre
040 _aCo-BoUCM
_bspa
041 0 0 _afre
100 1 _aRougier, Antoine
_d1877-
245 1 4 _aLes récents guerres civiles de la Colombie et du Vénezuéla
_cpar Antoine Rougier
260 _aParís (Francia)
_bA. Pedone
_c1904
300 _a62 páginas
504 _aIncluye referencias bibliográficas.
651 7 _aColombia
_xHistoria
_y1899-1903
_926606
651 7 _aVenezuela
_xHistoria
_y1899-1903
_926721
942 _cLIBRO
_a21
_e1
_mR68r
_2DEWEY
_h986.106
999 _c62070
_d62070